Flagi współczesnych państw Austro-Węgier - Statystyki

Ogólne statystyki
  • Ten quiz został rozwiązany 44 razy
  • Średni wynik to 12 z 13
Statystyki odpowiedzi
Obrazkowy Odpowiedź % Poprawnych
Węgry
100%
Austria
97%
Bośnia i Hercegowina
97%
Rumunia
97%
Ukraina
97%
Włochy
97%
Chorwacja
94%
Czarnogóra
94%
Czechy
94%
Polska
94%
Serbia
94%
Słowacja
94%
Słowenia
94%
Nie znaleziono quizów pasujących do podanych kryteriów
Rozkład punktacji
Procent ludzi z każdym wynikiem
Percentyl według liczby udzielonych odpowiedzi
Twoja historia wyników
Nie rozwiązałeś tego quizu